Clique sur les bonnes capitales - Statistiques

Statistiques générales
  • Ce quiz a été pris 70 fois
  • Le résultat moyen est 24 sur 45
Statistiques - réponses
Question Tuile Select % Correct
Cette capitale se situe au sud de l'équateur Bangui Non
91%
Cette capitale est au-dessous du niveau de la mer (Au moins -1m) Alger Non
86%
Cette capitale a plus de 10 000 000 d'habitants Riyad Non
85%
Cette capitale est mal orthographiée Tbilissi Non
85%
Cette capitale est mal orthographiée Thimphou Non
83%
Cette capitale a plus de 10 000 000 d'habitants Lima Non
82%
Cette capitale est mal orthographiée Castries Non
80%
Cette capitale est au-dessous du niveau de la mer (Au moins -1m) Tunis Non
80%
Cette capitale se situe au sud de l'équateur Kampala Non
79%
Cette capitale a plus de 10 000 000 d'habitants Hanoï Non
77%
Cette capitale est au-dessous du niveau de la mer (Au moins -1m) Nassau Non
77%
Cette capitale se situe au sud de l'équateur Bandar Seri Begawan Non
76%
Cette capitale est au-dessous du niveau de la mer (Au moins -1m) Victoria Non
76%
Cette capitale se situe au sud de l'équateur Libreville Non
74%
Cette capitale est mal orthographiée Sri Jayawardenapura Kotte Non
74%
Cette capitale se situe au sud de l'équateur Bogota Non
73%
Cette capitale est au-dessous du niveau de la mer (Au moins -1m) Singapour Non
73%
Cette capitale est au-dessous du niveau de la mer (Au moins -1m) Copenhague Non
71%
Cette capitale a plus de 10 000 000 d'habitants Paris Non
71%
Cette capitale est au-dessous du niveau de la mer (Au moins -1m) Port Vila Non
71%
Cette capitale est au-dessous du niveau de la mer (Au moins -1m) Amsterdam Oui
68%
Cette capitale a plus de 10 000 000 d'habitants Londres Non
64%
Cette capitale est mal orthographiée Conarky Oui
56%
Cette capitale n'est pas la ville la plus peuplée de son pays. Pretoria Oui
56%
Cette capitale a plus de 10 000 000 d'habitants Manille Non
53%
Cette capitale se situe au sud de l'équateur Brazzaville Oui
48%
Cette capitale n'est pas la ville la plus peuplée de son pays. Pékin Oui
47%
Cette capitale est mal orthographiée Pnhom Penh Oui
47%
Cette capitale est mal orthographiée Windhoak Oui
45%
Cette capitale n'est pas la ville la plus peuplée de son pays. Abou Dabi Oui
41%
Cette capitale a plus de 10 000 000 d'habitants Jakarta Non
41%
Cette capitale a plus de 10 000 000 d'habitants Seoul Non
35%
Cette capitale se situe au sud de l'équateur Dodoma Oui
32%
Cette capitale a plus de 10 000 000 d'habitants Bangkok Oui
30%
Cette capitale se situe au sud de l'équateur Nairobi Oui
29%
Cette capitale est mal orthographiée Talinn Oui
29%
Cette capitale n'est pas la ville la plus peuplée de son pays. Porto-Novo Oui
26%
Cette capitale n'est pas la ville la plus peuplée de son pays. Yaoundé Oui
21%
Cette capitale est mal orthographiée Naypiydaw Oui
18%
Cette capitale se situe au sud de l'équateur Yaren Oui
18%
Cette capitale est au-dessous du niveau de la mer (Au moins -1m) Bakou Oui
17%
Cette capitale n'est pas la ville la plus peuplée de son pays. Belmopan Oui
17%
Cette capitale n'est pas la ville la plus peuplée de son pays. Quito Oui
12%
Cette capitale n'est pas la ville la plus peuplée de son pays. Vaduz Oui
8%
Cette capitale n'est pas la ville la plus peuplée de son pays. Saint-Marin Oui
5%
Aucun quiz correspondant
Distribution des résultats
% des personnes avec chaque résultat
Percentile par nombre de réponses
Votre historique - résultats
Vous n’avez pas pris ce quiz